Directions in condensed matter physics : memorial volume in honor of Shang-Keng Ma
Shranjeno v:
| Format: | Knjiga |
|---|---|
| Izdano: |
World Scientific
1986
|
| Oznake: |
Označite
Brez oznak, prvi označite!
|
| Thư viện lưu trữ: | Mạng thư viện Đại học Đà Nẵng |
|---|
| LEADER | 00586nam a2200217 a 4500 | ||
|---|---|---|---|
| 001 | 000030114 | ||
| 003 | 25185 | ||
| 005 | 20171030145630.0 | ||
| 008 | 171030s1986 | ||
| 040 | |a LTT | ||
| 082 | 0 | |a 530.41 |b Di-C | |
| 245 | 0 | 0 | |a Directions in condensed matter physics : memorial volume in honor of Shang-Keng Ma |c edited by G. Grinstein, G. Mazenko. |
| 260 | |b World Scientific |c 1986 | ||
| 500 | |a VSVN | ||
| OWN | |a LTT | ||
| 999 | |a From the UDN01 | ||
| TYP | |a Monograph | ||
| TYP | |a Printed language | ||
| 980 | |a Mạng thư viện Đại học Đà Nẵng | ||